LEADER 00909cam2 2200277 450 001 E600200008701 005 20240619102645.0 010 $a8814107254 100 $a20050215d2003 |||||ita|0103 ba 101 $aita 102 $aIT 200 0 $a1$fa cura di Franco Modugno e Paolo Carnevale 210 $aMilano$cGiuffrè$d2003 215 $aXIV, 225 p.$d24 cm. 461 1$1001SOBE00080533$12000 $aNuovi rapporti stato-regione dopo la legge costituzionale n.3 del 2001 702 1$aModugno, Franco$3AF00003899$4070 702 1$aCarnevale, Paolo$3AF00003340$4070 801 0$aIT$bUNISOB$c20240619$gRICA 850 $aUNISOB 852 $aUNISOB$j340$m124653 912 $aE600200008701 940 $aM 102 Monografia moderna SBN 941 $aW 957 $a340$b004894$gSi$d124653$racquisto$1diguida$2UNISOB$3UNISOB$420050215093157.0$520240619102620.0$6rovito 996 $a1$961339 997 $aUNISOB LEADER 01019nam0 22002651i 450 001 UON00054940 005 20231205102242.545 100 $a20020107d1957 |0itac50 ba 101 $aeng 102 $aGB 105 $a|||| 1|||| 200 1 $aˆA ‰soldier with the Arabs$fJohn Bagot Glubb 210 $aLondon$cHodder & Stoughton$d1957 215 $a460 p.$d22 cm 620 $aGB$dLondon$3UONL003044 686 $aARA IV C$cPAESI ARABI - STORIA CONTEMPORANEA - COMUNITA' ISLAMICHE NEL MONDO$2A 700 1$aGLUBB$bJohn Bagot$3UONV007529$0641605 712 $aHodder and Stoughton$3UONV246469$4650 790 0$aGLUBB PACHA$zGLUBB, John Bagot$3UONV023564 801 $aIT$bSOL$c20241115$gRICA 899 $aSIBA - SISTEMA BIBLIOTECARIO DI ATENEO$2UONSI 912 $aUON00054940 950 $aSIBA - SISTEMA BIBLIOTECARIO DI ATENEO$dSI ARA IV C 126 $eSI AR 1455 5 126 996 $aSoldier with the Arabs$91151636 997 $aUNIOR